00558nam a2200169 a 450000100100000000500170001000800410002704000250006808200150009310000180010824500920012625000110021826000310022930000280026050400730028870000270036100003522820200930074206.0111026s1961 sp 000 0 spa d aDO-SdBNPbspacBNPHU axxxxbxxxx1 aGonnard, Rene10aHistoria de las doctrinas económicas /cRene Gonnrard ; traducción J. Campo Moreno. a6a ed. aMadrid, :bAguilar,c1961. axxiii, 641 p. ;c22 cm. aIncluye referencias bibliográficas y notas al pie de las páginas1 aCampo Moreno, J.,etr.